[Event "Let's Play Chess!"]
[Site "http://www.queenalice.com/game.php?id=1777242"]
[Date "2021.12.15"]
[Round "-"]
[White "Lintz"]
[Black "Olavio"]
[Result "1-0"]
[WhiteElo "1828"]
[BlackElo "1972"]

1. e4 e5 2. Nf3 d6 3. c3 Ne7 4. d4 exd4 5. cxd4 Bg4 6. Bc4 d5 7. exd5 Nxd5 8.
O-O Nc6 9. Nc3 Nxc3 10. bxc3 Bd6 11. Re1+ Ne7 12. Bxf7+ Kd7 13. h3 Rf8 14. Ne5+
Bxe5 15. dxe5+ Kc6 16. Qa4+ b5 17. Qa6+ Kc5 18. Be3+ Qd4 19. Bxd4# 1-0

[Event "Let's Play Chess!"]
[Site "http://www.queenalice.com/game.php?id=1777244"]
[Date "2021.12.15"]
[Round "-"]
[White "Olavio"]
[Black "Lintz"]
[Result "1-0"]
[WhiteElo "1989"]
[BlackElo "1879"]

1. e4 e5 2. Nf3 Qe7 3. b3 g6 4. Nc3 c6 5. Bb2 Bg7 6. Be2 d6 7. d4 Nf6 8. dxe5
dxe5 9. a4 a5 10. O-O O-O 11. Bd3 Rd8 12. Ne1 b6 13. h3 b5 14. axb5 Nh5 15. Ne2
Bh6 16. c4 Qg5 17. Nf3 Qe7 18. Bxe5 Bb7 19. Ng3 Nf6 20. Bxf6 Qxf6 21. e5 Qe7 22.
Ne4 Bg7 23. Qd2 Bxe5 24. Nxe5 Qxe5 25. Rfe1 Qd4 26. Qg5 Nd7 27. Bc2 1-0

[Event "Let's Play Chess!"]
[Site "http://www.queenalice.com/game.php?id=1777245"]
[Date "2021.12.15"]
[Round "-"]
[White "Lintz"]
[Black "bobifixer"]
[Result "0-1"]
[WhiteElo "1784"]
[BlackElo "2053"]

1. e4 c5 2. c3 Nc6 3. d3 Nf6 4. Nf3 d6 5. Be2 Bg4 6. Nbd2 e6 7. O-O Be7 8. Re1
O-O 9. h3 Bxf3 10. Nxf3 a6 11. a4 a5 12. b3 Rc8 13. Bb2 Re8 14. Bf1 h6 15. d4
cxd4 16. cxd4 Nb4 0-1

[Event "Let's Play Chess!"]
[Site "http://www.queenalice.com/game.php?id=1777246"]
[Date "2021.12.15"]
[Round "-"]
[White "sasquatico"]
[Black "Lintz"]
[Result "0-1"]
[WhiteElo "1849"]
[BlackElo "1867"]

1. d4 d5 2. h3 Nf6 3. Nc3 c6 4. Nf3 e6 5. a3 a5 6. e3 Be7 7. Bd3 c5 8. Bb5+ Bd7
9. Bxd7+ Nbxd7 10. dxc5 Bxc5 11. O-O O-O 12. Nb5 e5 13. Nd6 Bxd6 14. c3 Bc5 15.
Bd2 b5 16. b4 axb4 17. axb4 Rxa1 18. Qxa1 Be7 19. Qa6 Qb6 20. Qxb6 Nxb6 21. Nxe5
Ra8 22. Rd1 Nc4 23. Nc6 Bd6 24. f4 Nxd2 25. Rxd2 Rc8 26. Na7 Rb8 27. Nc6 Rb6 28.
Ne5 Kf8 29. g4 h6 30. Kg2 Bb8 31. g5 Bxe5 32. gxf6 Bxf6 33. Rd3 Ke7 34. f5 Rd6
35. Kf3 Kd7 36. Kg4 Kc6 37. h4 Rd7 38. h5 Bg5 39. Kf3 Re7 40. c4 dxc4 41. Ra3
Rxe3+ 42. Rxe3 Bxe3 43. Kxe3 Kd6 44. Kd4 Ke7 45. Ke4 Kf6 46. Kf4 g5+ 47. fxg6
fxg6 48. hxg6 Kxg6 0-1

[Event "Let's Play Chess!"]
[Site "http://www.queenalice.com/game.php?id=1777247"]
[Date "2021.12.15"]
[Round "-"]
[White "Lintz"]
[Black "Olavio"]
[Result "0-1"]
[WhiteElo "1892"]
[BlackElo "1976"]

1. d4 d5 2. c4 dxc4 3. e4 b5 4. Nc3 b4 5. Qa4+ Qd7 6. Qxb4 Nc6 7. Qxc4 Nxd4 8.
Bf4 Nc2+ 9. Ke2 a5 10. Nb5 Nd4+ 11. Qxd4 Qxb5+ 12. Ke1 Qb7 13. a3 Nf6 14. Rd1
Nd7 15. Nf3 f6 16. Qd2 Qxe4+ 17. Be2 g5 18. Bxc7 Bh6 19. Qd5 Qxd5 20. Rxd5 O-O
21. Bb5 Ra7 22. Bg3 Nb6 23. Rd1 Bb7 24. Kf1 e5 25. Ne1 Bd5 26. f3 Rd8 27. Kf2
Bf8 28. Nd3 Bc5+ 0-1

[Event "Let's Play Chess!"]
[Site "http://www.queenalice.com/game.php?id=1777248"]
[Date "2021.12.15"]
[Round "-"]
[White "Olavio"]
[Black "Lintz"]
[Result "1-0"]
[WhiteElo "2001"]
[BlackElo "1867"]

1. Nf3 d5 2. d4 c6 3. Bd2 Nf6 4. Nc3 h6 5. e3 e6 6. Bd3 Be7 7. h3 a6 8. Ne2 c5
9. c4 O-O 10. Ng3 b6 11. Nh2 Bb7 12. O-O Qc7 13. f4 Qc6 14. Nf3 Nfd7 15. Ne5
Nxe5 16. fxe5 f5 17. Rf2 Bh4 18. Kh2 Nd7 19. Qe2 Rf7 20. Rf4 Bg5 21. Rf3 Raf8
22. Raf1 g6 23. b3 Qc7 24. R3f2 Qd8 25. a3 a5 26. a4 1-0

[Event "Let's Play Chess!"]
[Site "http://www.queenalice.com/game.php?id=1777250"]
[Date "2021.12.15"]
[Round "-"]
[White "Lintz"]
[Black "sasquatico"]
[Result "1-0"]
[WhiteElo "1850"]
[BlackElo "1866"]

1. c4 d5 2. cxd5 Qxd5 3. Nc3 Qd8 4. d4 h6 5. e4 a6 6. Nf3 e6 7. a3 Nf6 8. Be2
Nc6 9. O-O Be7 10. h3 O-O 11. Bd3 b5 12. b4 Nxd4 13. e5 Nxf3+ 14. Qxf3 Nd5 15.
Be4 c6 16. Ne2 Bb7 17. Qg4 Bg5 18. f4 f5 19. exf6 Qxf6 20. Bd2 Bxf4 21. Nxf4
Qd4+ 22. Kh1 Nxf4 23. Bxc6 Bxc6 24. Bxf4 Bd5 25. Qg3 Rxf4 26. Qxf4 Qxf4 27. Rxf4
Bc4 28. Rd1 e5 29. Rf3 e4 30. Re3 Bd3 31. Rc1 a5 32. Rg3 axb4 33. axb4 Ra4 34.
Rc7 g5 35. h4 Rxb4 36. hxg5 h5 37. g6 Rc4 38. Rb7 b4 39. Re3 Bc2 40. g7 h4 41.
Re1 b3 42. Rf1 Rc8 43. Rc1 e3 44. Rxb3 e2 45. Re3 Bd1 46. Rxc8+ Kxg7 47. Rce8
Kg6 48. Rxe2 Bxe2 49. Rxe2 1-0

[Event "AUTO-ADV-4500"]
[Site "http://www.queenalice.com/game.php?id=1777278"]
[Date "2021.12.15"]
[Round "2"]
[White "Lintz"]
[Black "MarcosT"]
[Result "0-1"]
[WhiteElo "1749"]
[BlackElo "2217"]

1. e4 c5 2. Nc3 g6 3. g3 d6 4. Bg2 Bg7 5. Nf3 Nc6 6. d3 Nf6 7. a3 e5 8. O-O O-O
9. Bg5 Re8 10. Nd5 Be6 11. c4 Bxd5 12. cxd5 Nd4 13. Nxd4 cxd4 14. f4 exf4 15.
Rxf4 h6 0-1

[Event "AUTO-ADV-4500"]
[Site "http://www.queenalice.com/game.php?id=1777279"]
[Date "2021.12.15"]
[Round "2"]
[White "MarcosT"]
[Black "Lintz"]
[Result "1-0"]
[WhiteElo "2216"]
[BlackElo "1751"]

1. e4 c5 2. Bc4 Nc6 3. Nf3 e6 4. O-O d6 5. Nc3 a6 6. a4 g6 7. d3 Bg7 8. Be3 Nf6
9. d4 Nxd4 10. Nxd4 cxd4 11. Bxd4 O-O 12. Be3 b6 13. Re1 Bb7 14. Bg5 Qc7 15.
Bxf6 1-0

[Event "AUTO-ADV-4500"]
[Site "http://www.queenalice.com/game.php?id=1777280"]
[Date "2021.12.15"]
[Round "2"]
[White "Lintz"]
[Black "Pin"]
[Result "0-1"]
[WhiteElo "1853"]
[BlackElo "1897"]

1. e4 c5 2. d3 d6 3. Nf3 g6 4. c3 Bg7 5. Be2 Nc6 6. O-O Nf6 7. h3 O-O 8. Nbd2
Bd7 9. Nb3 b6 10. a4 a6 11. d4 cxd4 12. Nfxd4 Nxe4 13. Nxc6 Bxc6 14. Re1 b5 15.
axb5 axb5 16. Bxb5 Nxf2 17. Kxf2 Qb6+ 18. Kf1 Bxb5+ 19. Re2 Bxe2+ 20. Qxe2 Qxb3
21. Rb1 e6 0-1

[Event "AUTO-ADV-4500"]
[Site "http://www.queenalice.com/game.php?id=1777281"]
[Date "2021.12.15"]
[Round "2"]
[White "Pin"]
[Black "Lintz"]
[Result "1-0"]
[WhiteElo "1933"]
[BlackElo "1882"]

1. e4 e5 2. Nf3 Qe7 3. Nc3 c6 4. d4 d6 5. Bc4 g6 6. O-O Bg7 7. Bg5 Nf6 8. Qd2 b6
9. Rae1 Bb7 10. a4 O-O 11. b4 Nbd7 12. Bh6 Kh8 13. Bxg7+ Kxg7 14. Ng5 h6 15. Nh3
Rh8 16. f4 exf4 17. Nxf4 Qf8 18. Qf2 Re8 19. Nd3 c5 20. dxc5 dxc5 21. e5 Nh7 22.
Bxf7 Re7 23. e6 Ndf6 24. Nf4 g5 25. Ng6 Rxf7 26. Nxf8 1-0

[Event "AUTO-ADV-4569"]
[Site "http://www.queenalice.com/game.php?id=1777385"]
[Date "2021.12.16"]
[Round "1"]
[White "Lintz"]
[Black "juim"]
[Result "0-1"]
[WhiteElo "1741"]
[BlackElo "1499"]

1. e4 d5 2. exd5 Qxd5 3. Nc3 Qd8 4. d4 Bf5 5. Nf3 Nc6 6. a3 Qd6 7. Be2 O-O-O 8.
O-O Nh6 9. h3 e5 10. Nxe5 Nxe5 11. dxe5 Qxe5 12. Bd3 Bxd3 13. cxd3 Bd6 14. f4
Qf6 15. Qf3 Rhe8 16. Be3 a6 17. Rac1 Nf5 18. Bf2 Nh4 19. Bxh4 Qd4+ 20. Kh1 Re3
21. Qg4+ Kb8 22. Bxd8 g6 23. Bh4 Rxd3 24. Rcd1 f5 0-1

[Event "AUTO-ADV-4569"]
[Site "http://www.queenalice.com/game.php?id=1777386"]
[Date "2021.12.16"]
[Round "1"]
[White "juim"]
[Black "Lintz"]
[Result "1-0"]
[WhiteElo "1542"]
[BlackElo "1715"]

1. e4 e5 2. d4 exd4 3. Qxd4 Nc6 4. Qd1 d6 5. Bf4 Nf6 6. Bg5 Be7 7. Bb5 Bd7 8.
Nf3 O-O 9. O-O Nxe4 10. Bxe7 Qxe7 11. Nd4 Nf6 12. Nxc6 bxc6 13. Bd3 d5 14. c3
Qd6 15. Nd2 Ng4 16. g3 f5 17. Nf3 f4 18. Nh4 fxg3 19. fxg3 Qc5+ 20. Kg2 Ne3+ 21.
Kh1 Rxf1+ 22. Bxf1 Nxd1 23. Rxd1 Rf8 24. Bg2 1-0

[Event "AUTO-ADV-4569"]
[Site "http://www.queenalice.com/game.php?id=1777387"]
[Date "2021.12.16"]
[Round "1"]
[White "Lintz"]
[Black "Scharlatan"]
[Result "0-1"]
[WhiteElo "1755"]
[BlackElo "2120"]

1. e4 c5 2. c3 d5 3. exd5 Qxd5 4. Nf3 g6 5. Be2 Bg7 6. O-O Nf6 7. Re1 O-O 8. d3
Nc6 9. b3 e5 10. Bb2 Re8 11. Nbd2 Bf5 12. Nf1 Rad8 13. Ne3 Qd7 14. Nxf5 gxf5 15.
Bf1 Qc7 16. h3 e4 17. Nh2 Ne5 0-1

[Event "AUTO-ADV-4569"]
[Site "http://www.queenalice.com/game.php?id=1777388"]
[Date "2021.12.16"]
[Round "1"]
[White "Scharlatan"]
[Black "Lintz"]
[Result "1-0"]
[WhiteElo "2138"]
[BlackElo "1753"]

1. e4 e5 2. Nf3 Qe7 3. Bc4 g6 4. O-O Bg7 5. d4 d6 6. Nc3 c6 7. dxe5 dxe5 8. h3
Nf6 9. Bg5 O-O 10. Qe2 a5 11. a3 b5 12. Ba2 Qc7 13. Rfd1 Be6 14. Bxe6 fxe6 15.
Rd2 Nbd7 16. Rad1 h6 17. Bh4 g5 18. Bg3 Rad8 19. Nxe5 Nxe5 20. Rxd8 1-0

[Event "Lucineide Espínola"]
[Site "http://www.queenalice.com/game.php?id=1777529"]
[Date "2021.12.17"]
[Round "-"]
[White "zubarev"]
[Black "Lintz"]
[Result "1-0"]
[WhiteElo "1973"]
[BlackElo "1839"]

1. d4 e6 2. e4 d5 3. Nc3 dxe4 4. Nxe4 Nc6 5. Nf3 Nf6 6. Bg5 Be7 7. Nxf6+ Bxf6 8.
Bxf6 Qxf6 9. c3 O-O 10. Be2 b6 11. O-O a6 12. Bd3 Bb7 13. Be4 Nd8 14. Qe2 Qf4
15. Bxb7 Nxb7 16. Ne5 Nd6 17. Rac1 Qf6 18. Nd7 Qe7 19. Nxf8 Qxf8 20. f4 a5 21.
c4 Nf5 22. Qe5 Rc8 23. b3 c6 24. d5 cxd5 25. cxd5 Rc5 26. Rcd1 Rc2 27. dxe6 fxe6
28. Qxe6+ Kh8 29. Qxf5 Qa8 30. Qxc2 1-0

[Event "J.Mouret 41 (1821)"]
[Site "http://www.queenalice.com/game.php?id=1777530"]
[Date "2021.12.17"]
[Round "-"]
[White "Lintz"]
[Black "zubarev"]
[Result "0-1"]
[WhiteElo "1747"]
[BlackElo "2001"]

1. e4 e5 2. Nf3 Nc6 3. Bc4 d6 4. c3 Be7 5. d4 Nf6 6. Qc2 Bg4 7. Nbd2 O-O 8. b4
exd4 9. Nxd4 Nxd4 10. cxd4 c6 11. a3 Rc8 12. O-O b5 13. Bb3 Bd7 14. Qd3 c5 15.
dxc5 Be6 16. Qxb5 Bxb3 17. Nxb3 Nxe4 18. cxd6 Bxd6 19. Bb2 Ng5 20. Nd4 Be5 21.
Qxe5 f6 22. Qf4 Re8 23. f3 Nf7 24. Rfe1 Ne5 25. Red1 Qb6 26. Kh1 Nc4 27. Rab1
Ne5 28. Qg3 Nc4 29. h3 Nxb2 30. Rxb2 Rcd8 31. Rbd2 Rc8 32. b5 Re5 33. Qf2 Rce8
34. Qf1 Qa5 35. Nc6 Qxd2 36. Rxd2 Re1 37. Rd1 Rxf1+ 38. Rxf1 Re3 39. Nxa7 Rxa3
40. b6 Rb3 41. Nc8 Kf7 42. Re1 Kg6 43. Kh2 f5 44. Re7 Kf6 45. Rc7 f4 46. b7 h5
47. Nd6 Ke5 48. Rc8 Kxd6 0-1

[Event "Jogo 19"]
[Site "http://www.queenalice.com/game.php?id=1777918"]
[Date "2021.12.22"]
[Round "-"]
[White "Lintz"]
[Black "SGF"]
[Result "1-0"]
[WhiteElo "1868"]
[BlackElo "1720"]

1. c4 e5 2. g3 Qf6 3. Bg2 Nc6 4. Nc3 Bc5 5. Nf3 Nd4 6. O-O Nxf3+ 7. Bxf3 h5 8.
Nd5 Qd8 9. e3 c6 10. Nc3 Qg5 11. Ne4 Qe7 12. Nxc5 Qxc5 13. b3 h4 14. d4 exd4 15.
exd4 Qd6 16. Bf4 Qg6 17. Re1+ Ne7 18. Qe2 Qf6 19. c5 hxg3 20. fxg3 Qxd4+ 21. Be3
Qe5 22. Qd2 Qf6 23. Bg5 Qxf3 24. Bxe7 Rh5 25. Bd6+ Kd8 26. Re8+ Kxe8 27. Qe1+
Kd8 28. Qe7# 1-0

[Event "Jogo 20"]
[Site "http://www.queenalice.com/game.php?id=1777919"]
[Date "2021.12.22"]
[Round "-"]
[White "SGF"]
[Black "Lintz"]
[Result "1-0"]
[WhiteElo "1827"]
[BlackElo "1856"]

1. e4 e5 2. Qf3 d6 3. d3 Be7 4. Be2 Nf6 5. Qg3 g6 6. h4 h5 7. Nc3 c6 8. Bg5 Be6
9. Bxf6 Bxf6 10. Nf3 Qe7 11. a4 a5 12. b3 Nd7 13. O-O Nb6 14. Qh2 Bd7 15. g3 Rg8
16. Ng5 d5 17. exd5 cxd5 18. Nb5 Bxb5 19. axb5 e4 20. dxe4 Bxa1 21. Rxa1 dxe4
22. Qg2 e3 23. fxe3 Qxe3+ 24. Qf2 Qxf2+ 25. Kxf2 f6 26. Ne6 Kf7 27. Nc7 Rac8 28.
Nd5 Nxd5 29. Bc4 Rxc4 30. bxc4 Nc3 31. Rxa5 Re8 32. Ra7 Re7 33. b6 Ke6 34. c5
Kd5 35. Ra8 Kxc5 36. Rc8+ Kb4 37. Rc7 Nd5 38. c3+ Kb3 39. Rxe7 Nxe7 40. Ke3 1-0

[Event "AUTO-OPEN-4289"]
[Site "http://www.queenalice.com/game.php?id=1778500"]
[Date "2021.12.28"]
[Round "2"]
[White "Lintz"]
[Black "francisc059"]
[Result "0-1"]
[WhiteElo "1677"]
[BlackElo "1966"]

1. e4 e5 2. Nf3 Nc6 3. Bc4 Bc5 4. Bb3 Nf6 5. d3 O-O 6. O-O d6 7. h3 Qe7 8. c3 a6
9. Bg5 h6 10. Bh4 Be6 0-1

[Event "Challenge"]
[Site "http://www.queenalice.com/game.php?id=1778618"]
[Date "2021.12.29"]
[Round "-"]
[White "Lintz"]
[Black "sasquatico"]
[Result "1-0"]
[WhiteElo "1878"]
[BlackElo "1840"]

1. e4 d5 2. exd5 Qxd5 3. Nc3 Qd8 4. Nf3 a6 5. d4 h6 6. a4 Bg4 7. Bc4 e6 8. Be2
Bb4 9. O-O Bxc3 10. bxc3 Nc6 11. Ne5 Bxe2 12. Qxe2 Nge7 13. Ba3 Nxe5 14. dxe5 f6
15. exf6 gxf6 16. Qxe6 1-0